| 000 | 00378nam a2200145Ia 4500 | ||
|---|---|---|---|
| 008 | 200103s9999||||xx |||||||||||||| ||und|| | ||
| 020 | _a0291396763, | ||
| 040 | _aIMU-MPC | ||
| 082 | _aColumn-31 | ||
| 100 | _aMunro-Smith, R. | ||
| 245 | 0 | _aApplied Mechanics for the Merchant navy Exams | |
| 260 |
_bThe technical press ltd., London _c1975 |
||
| 300 | _aviii, 208 | ||
| 942 | _cBK | ||
| 999 |
_c7448 _d7448 |
||